000
00301 a2200145 4500
001
168240
020
_a
040
_c
Magnum
100
_a
Piaget, Jean
240
1
0
_a
O juizo moral na crianca
_l
por
245
1
0
_a
O juizo moral na crianca
362
0
_a
1899
697
_a
SEM ASSUNTO
942
_c
BK
999
_c
168240
_d
168240